000 00444nmm a2200169Ia 4500
008 251105s9999||||xx |||||||||||||||||und||
020 _a9788498166101
041 _aspa
100 _aCueva, Juan de la
245 0 _aEjemplar poético
264 _a[Madrid, España] :
_bLinkgua,
_c2016
300 _a88 páginas
490 _aPoesía
650 _aSpanish poetry
856 _uhttps://public.digitaliapublishing.com/a/16737
942 _cCF
999 _c91321
_d91321